Pokémon - S2/W2-Quiz - Statistiken

Allgemein
  • Dieses Quiz wurde 11 mal gespielt
    4 seit der letzten Aktualisierung
  • Das Durchschnittsergebnis liegt bei 12 aus 20
Antwortstatistiken
Frage Antwort % Korrekt
In welchem Jahr erschienen Pokémon Schwarz 2 und Weiß 2 in Europa? 2012
100%
Wie viele Kiesling besitzt der Schwarzgurt, welcher den Weg in der Strandgrotte blockiert? 4
100%
Wie viele Ebenen hat der Turm des Himmels (einschließlich dem Dach)? 5
100%
Wie heißt die Ruine, die sich im Wüstenresort befindet? Alter Palast
100%
Welcher Arenaleiter nutzt in Pokémon Schwarz 2 und Weiß 2 im Arenakampf zwei Pokémon derselben Entwicklungslinie? Artie
100%
Wo wohnt der ehemalige Champ Lauro? Dausing
100%
Welches Item kann man im Inneren des P2-Labors finden? Dubiosdisc
100%
Von wem erhält man in Pokémon Schwarz 2 und Weiß 2 das Fahrrad? Einem Clown
100%
Welches Pokémon kann man in Pokémon Schwarz 2 und Weiß 2 nicht in der Elektrolithhöhle antreffen? Elektek
100%
Wie heißt der Wald im Südosten der Region? Ewigenwald
100%
An welchem Ort kann man ein verstecktes Käferjuwel finden (nicht in Staubwolken)? Ewigenwald
100%
Welches Pokémon kann man in Pokémon Schwarz 2 und Weiß 2 nicht im Alten Palast antreffen? Ignivor
100%
An welchem Ort kann man in Pokémon Weiß 2 ein verstecktes Feuerjuwel finden (nicht in Staubwolken)? Janusberg
100%
Welchen Beruf übt der Arenaleiter Cheren aus? Lehrer
100%
Wie heißt Lauros Enkel? Magno
100%
Wo hält sich der Weise Rubius auf? Marea City
100%
Wo befindet sich der Markt? Marea City
100%
In welcher Stadt befindet sich das Pokémon World Tournament? Marea City
100%
Welcher Trainer ist der erste, gegen den man in Pokémon Schwarz 2 und Weiß 2 kämpft? Matisse
100%
Wie heißt das Schiff, auf welchem man einmal täglich gegen eine bestimmte Anzahl an Trainern antreten kann? MS Einall Royal
100%
Nördlich von welcher Stadt befindet sich ein Turm, welcher mit den legendären Drachenpokémon in Verbindung steht? Nevaio City
100%
Wo befindet sich die Riesengrotte? Nordöstlich von Tessera
100%
Wo befindet sich das Sommerhaus von Kattlea? Ondula
100%
Auf welchen Typ hat sich das Top Vier-Mitglied im dritten Raum von links in der Pokémon-Liga spezialisiert? Psycho
100%
Wo befindet sich das Porterlabor? Route 15 (Östlich der Wunderbrücke)
100%
Wo befindet sich die Pension? Route 3 (Nördlich von Orion City)
100%
Wo befindet sich der Turm des Himmels? Route 7 (Nordöstlich von Panaero City)
100%
Welches der folgenden Pokémon wird in Pokémon Schwarz 2 und Weiß 2 nicht von dem ehemaligen Champ Lauro genutzt? Shardrago
100%
Welche Stadt ist für die zahlreichen Wolkenkratzer bekannt? Stratos City
100%
Welches Pokémon erhält man in Abidaya City im Tausch gegen ein Mantax? Tangoloss
100%
Welche TM erhält man von der Arenaleiterin Géraldine nach dem Sieg über sie? TM62 Akrobatik
100%
Welche TM erhält man vom Arenaleiter Cheren nach dem Sieg über ihn? TM83 Kraftschub
100%
Wie heißt die Ruine, die sich östlich von Orion City befindet? Traumbrache
100%
An welchem Ort kann man ein verstecktes Geistjuwel finden (nicht in Staubwolken)? Turm des Himmels
100%
In welcher Stadt befindet sich das ehemalige Haus der Kämpfe? Twindrake City
100%
Auf welchen Typ hat sich das Top Vier-Mitglied im zweiten Raum von links in der Pokémon-Liga spezialisiert? Unlicht
100%
Wo erhält man die VM01 Zerschneider? Vapydro City
100%
Wo befindet sich der Eisfelsen, an dem man Evoli zu Glaziola entwickeln kann? Wendelberg
100%
Wie heißt die Brücke, die zwischen Nevaio City und Twindrake City liegt? Zylinderbrücke
100%
Um welches Pokémon handelt es sich bei dem Monster, das die Bewohner von Tessera fürchten? Kyurem
50%
Welche TM kann man nicht in Panaero City finden? TM88 Pflücker
50%
Welches der folgenden Pokémon ist nicht im regionalen Pokédex der Einall-Region verzeichnet? Traumato
50%
Welcher dieser Orte verändert sich im Winter nicht? Traumbrache
50%
Wie teuer ist ein Ticket für die Fahrt mit der MS Einall Royal? 1.000 Pokédollar
0%
Wie viele betretbare Routen gibt es in Pokémon Schwarz 2 und Weiß 2? 22
0%
An welchem Ort kann man ein verstecktes Gesteinsjuwel finden (nicht in Staubwolken)? Alter Fluchtweg
0%
Was kann man nicht in der Unterwasserruine finden? Alter Krug
0%
Welches Pokémon erhält man in Gavina im Gegenzug für ein Stalobor? Ambidiffel
0%
Von welchem Arenaleiter erhält man den Käferorden? Artie
0%
Wo befindet sich das Labor von Professor Esche? Avenitia
0%
Von welchem Arenaleiter erhält man den Wellenorden? Benson
0%
Welchen Beruf übt der Arenaleiter Lysander aus? Bürgermeister
0%
Von welchem Arenaleiter erhält man den Grundorden? Cheren
0%
Wo befindet sich der Alte Glockenturm? Dausing
0%
An welchem der folgenden Orte kommt es nicht zum Kampf gegen Mitglieder vom Team Plasma? Dausing-Hof
0%
Welches Pokémon nimmt die Forscherin Lilo auf der Route 15 im Tausch gegen ein Rotom? Ditto
0%
Wie heißt die Brücke, die zwischen Twindrake City und Tessera liegt? Dorfbrücke
0%
Welches Pokémon erhält man in Pokémon Weiß 2 als Geschenk von Lauros Enkel? Dratini
0%
Welches der folgenden Pokémon ist nicht im regionalen Pokédex der Einall-Region verzeichnet? Dratini
0%
Welche Zuglinie existiert nicht? Dreierlinie
0%
Wie heißt die Region, in der Pokémon Schwarz 2 und Weiß 2 spielt? Einall
0%
Welchen Pokémontyp favorisiert der Weise Violaceus? Eis
0%
An welchem Ort kann man ein verstecktes Elektrojuwel finden (nicht in Staubwolken)? Elektrolithhöhle
0%
Welches Pokémon möchte der Wanderer auf der Route 7 (bei Panaero City) im Tausch gegen ein Brockoloss haben? Emolga
0%
Wie heißt die Stadt, in der der Spieler sein Abenteuer in Pokémon Schwarz 2 und Weiß 2 beginnt? Eventura City
0%
An welchem der folgenden Orte ist in Pokémon Schwarz 2 und Weiß 2 kein legendäres oder mysteriöses Pokémon zu finden? Ewigenwald
0%
Wo kann man die TM94 Zertrümmerer erhalten? Ewigenwald
0%
An welchem Ort trifft man auf den Weisen Caeruleus? Ewigenwald
0%
Wo befindet sich der Moosfelsen, an dem man Evoli zu Folipurba entwickeln kann? Ewigenwald
0%
An welchem Ort kann man ein verstecktes Kampfjuwel finden (nicht in Staubwolken)? Ewigenwald
0%
In welcher Stadt befindet sich die Weichenstation, auf der täglich ein anderer Zug zu finden ist? Ferrula
0%
An welchem Ort kann man ein Pflanz-, Feuer- oder Wasserjuwel geschenkt bekommen? Gavina
0%
Auf welchen Typ hat sich das Top Vier-Mitglied im linken Raum der Pokémon-Liga spezialisiert? Geist
0%
Von welchem Arenaleiter erhält man den Jetorden? Géraldine
0%
Welchen Beruf übt der Arenaleiter Turner aus? Geschäftsmann
0%
Welches Pokémon kann man in Pokémon Schwarz 2 und Weiß 2 nicht im Alten Fluchtweg antreffen? Golbat
0%
Welches Pokémon kann man in Pokémon Schwarz 2 und Weiß 2 nicht in der Strandgrotte antreffen? Golbat
0%
Welches Pokémon kann man in Pokémon Weiß 2 nicht im Außenbereich des Janusbergs antreffen? Groink
0%
An welchem Ort kann man ein verstecktes Pflanzjuwel finden (nicht in Staubwolken)? Hain der Täuschung
0%
Wie heißt die Brücke, die Stratos City mit dem Ewigenwald verbindet? Himmelspfeilbrücke
0%
Welches der folgenden Pokémon taucht in Pokémon Schwarz 2 und Weiß 2 nicht in massiven Aufläufen auf? Hippopotas
0%
Wo befindet sich das Bizarro-Haus? Janusberg
0%
An welchem Ort kann man in Pokémon Schwarz 2 ein verstecktes Wasserjuwel finden (nicht in Staubwolken)? Janusberg
0%
Von welchem Arenaleiter erhält man den Voltorden? Kamilla
0%
An welchem Ort kann man ein verstecktes Drakojuwel finden (nicht in Staubwolken)? Kammer der Weisung
0%
Auf welchen Typ hat sich das Top Vier-Mitglied im rechten Raum der Pokémon-Liga spezialisiert? Kampf
0%
Wie heißt die Kampfeinrichtung, die sich im Zentrum von Rayono City befindet? Kampfmetro
0%
Welches Pokémon kann man in Pokémon Schwarz 2 und Weiß 2 nicht in der Siegesstraße antreffen? Kapuno
0%
Welches Pokémon kann in Pokémon Schwarz 2 und Weiß 2 nicht geangelt werden? Karpador
0%
Welche Trainerklasse taucht in der Pokémon-Arena von Stratos City auf? Kasper
0%
Welches Pokémon erhält man in Pokémon Schwarz 2 als Geschenk von Lauros Enkel? Kaumalat
0%
Welchen Beruf üben die ehemaligen Arenaleiter Benny, Maik und Colin aus? Kellner
0%
Welches der folgenden Pokémon taucht nicht auf der Route 1 auf? Kleoparda
0%
Welches Pokémon ist nicht beim P2-Labor fangbar? Kleoparda
0%
Welchen Beruf übt der Arenaleiter Artie aus? Künstler
0%
Welches der folgenden Pokémon ist nur versionsexklusiv in Pokémon Weiß 2 fangbar? Latias
0%
Von welchem Arenaleiter erhält man den Legendenorden? Lysander
0%
Welche Brücke wird auch als Glurak-Brücke bezeichnet? Marea-Zugbrücke
0%
Wie heißt der Rivale? Matisse
0%
Welches Pokémon nutzt der zu Team Plasma gehörige Doktor, welchen man in der Plasma-Fregatte trifft? Matrifol
0%
Welches Pokémon kann man in Pokémon Schwarz 2 und Weiß 2 nicht im Inneren des Ewigenwaldes antreffen? Mebrana
0%
Von welchem Arenaleiter erhält man den Giftorden? Mica
0%
Welchen Beruf übt Arenaleiterin Kamilla aus? Model
0%
Welchen Beruf übt die ehemalige Arenaleiterin Aloe aus? Museumsleiterin
0%
Welchen Beruf übt die Arenaleiterin Mica aus? Musikerin
0%
Wo befindet sich der Pokémon-Fanclub? Nevaio City
0%
In welcher Stadt kann man zwei ehemalige Mitglieder von Team Aqua und Team Magma treffen? Nevaio City
0%
In der Nähe welcher Stadt befindet sich die Drachenstiege? Nevaio City
0%
Welches der folgenden Pokémon ist nicht im regionalen Pokédex der Einall-Region verzeichnet? Noctuh
0%
In welchem Teil der Region befindet sich die Pokémon-Liga? Norden
0%
Wo befindet sich der südliche Eingang der Strandgrotte? Nordöstlich von Ondula
0%
Welches Pokémon kann man in Pokémon Schwarz 2 und Weiß 2 nicht in der Traumbrache antreffen? Omot
0%
Wo erhält man die VM06 Taucher? Ondula
0%
In welcher Stadt befindet sich der Eingang zur Elektrolithhöhle? Panaero City
0%
Wo wohnt die Attacken-Sippe? Panaero City
0%
Welche Stadt ist für den Flugplatz bekannt? Panaero City
0%
An welchem Ort kann man ein verstecktes Flugjuwel finden (nicht in Staubwolken)? Panaero City
0%
Wo befindet sich die Kammer der Weisung? Panaero-Höhle
0%
Welchen Beruf übt die Arenaleiterin Géraldine aus? Pilotin
0%
An welchem Ort trifft man erstmals auf den Weisen G-Cis? Plasma-Fregatte
0%
Wo trifft man erstmals auf den ehemaligen Arenaleiter Sandro? Pokéwood
0%
Welches der folgenden Pokémon ist nicht im regionalen Pokédex der Einall-Region verzeichnet? Ponita
0%
Welche Person schenkt dem Spieler sein erstes Pokémon? Professor Esche
0%
Wie heißt der Mann, der dem Spieler täglich eine Quizfrage stellt? Quasimir
0%
Welches der folgenden Pokémon taucht in Pokémon Schwarz 2 und Weiß 2 nicht in massiven Aufläufen auf? Rabauz
0%
In welcher Stadt befindet sich das Musiktheater? Rayono City
0%
In welcher Stadt befindet sich das Haus der Prüfung? Rayono City
0%
In welcher Stadt befinden sich das Sportstadion und die Sporthalle? Rayono City
0%
Wie heißt der Krater östlich von Tessera? Riesengrotte
0%
An welchem Ort kann man ein verstecktes Eisjuwel finden (nicht in Staubwolken)? Riesengrotte
0%
Wie heißt der weibliche Protagonist? Rosy
0%
Wo befindet sich das P2-Labor? Roue 17 (Westlich von Avenitia)
0%
Wo befindet sich der Eingang zum Schrein der Ernte? Route 14 (Südlich von Ondula)
0%
Über welche Route erreicht man die Siegesstraße? Route 23
0%
Wo befindet sich der Eingang zur Grundwassersenke? Route 3 (Nordwestlich von Orion City)
0%
Wo kann man in Pokémon Schwarz 2 ein Waumboll gegen ein Lilminip bzw. in Pokémon Weiß 2 ein Lilminip gegen ein Waumboll tauschen? Route 4 (Nördlich von Stratos City)
0%
Wo erhält man die VM02 Fliegen? Route 5 (Westlich von Rayono City)
0%
Wo erhält man die VM03 Surfer? Route 6 (Nordwestlich von Marea City)
0%
Wo befindet sich der Eingang zur Panaero-Höhle? Route 6 (Nordwestlich von Marea City)
0%
Wo kann man die Pokédexeinträge für die legendären Pokémon Boreos, Voltolos und Demeteros erhalten? Route 7 (Nordöstlich von Panaero City)
0%
Auf welcher Route befindet sich das gleichnamige Kaufhaus? Route 9
0%
An welchem Ort kann man ein verstecktes Unlichtjuwel finden (nicht in Staubwolken)? Route 9 (Westlich von Twindrake City)
0%
Welchen Beruf übt der ehemalige Arenaleiter Sandro aus? Schauspieler
0%
Welchen Beruf übt der Arenaleiter Benson aus? Schwimmer
0%
Wo befindet sich das Museum? Septerna City
0%
Welche Stadt ist für die bewohnbaren Lagerhäuser bekannt? Septerna City
0%
In welcher Stadt wohnt die Möbeldesignerin Rosalie? Septerna City
0%
Welche Eigenheit haben die Trainer im Turm des Himmels? Sie drehen sich auf Knopfdruck
0%
Wo erhält man die VM05 Kaskade? Siegesstraße
0%
An welchem Ort kann man ein verstecktes Normaljuwel finden (nicht in Staubwolken)? Siegesstraße
0%
Welches Pokémon erhält man in Gavina im Gegenzug für ein Hippoterus? Simsala
0%
Welches der folgenden Pokémon ist nur versionsexklusiv in Pokémon Weiß 2 fangbar? Smettbo
0%
In welcher Stadt befindet sich die Eisdiele? Stratos City
0%
In welcher Stadt befindet sich ein Atelier? Stratos City
0%
Wo befindet sich die Kampf AG? Stratos City
0%
Wo befindet sich der Hauptsitz des APUK? Stratos City
0%
Wo erhält man die VM04 Stärke? Stratos-Kanalisation
0%
An welchem Ort kann man ein verstecktes Giftjuwel finden (nicht in Staubwolken)? Stratos-Kanalisation
0%
Welches Pokémon kann man in Pokémon Schwarz 2 und Weiß 2 nicht auf dem Dausing-Hof antreffen? Strawickl
0%
Wo liegt die Stadt Eventura City? Südwesten
0%
Wie heißt das Team, das in Pokémon Schwarz 2 und Weiß 2 für Aufruhr sorgt? Team Plasma
0%
Welches Pokémon wurde auf dem Dausing-Hof von Team Plasma entführt? Terribark
0%
Welche TM kann man in der Strandgrotte finden? TM06 Toxin
0%
Welche TM erhält man von der Arenaleiterin Mica nach dem Sieg über sie? TM09 Giftschock
0%
Welche TM kann man nicht in Stratos City finden? TM17 Schutzschild
0%
Welche der folgenden TMs kann man in Panaero City käuflich erwerben? TM18 Regentanz
0%
Welche TM kann man nicht in der Siegesstraße finden? TM29 Psychokinese
0%
Welche TM kann man im Alten Palast finden? TM39 Felsgrab
0%
Worum handelt es sich bei dem Schatz, den man am Ende der Landebahn in Panaero City finden kann? TM40 Aero-Ass
0%
Welche TM kann man in der Stratos-Kanalisation finden? TM41 Folterknecht
0%
Welche TM kann man in der Grundwassersenke finden? TM47 Fußtritt
0%
Welche TM erhält man vom Arenaleiter Benson nach dem Sieg über ihn? TM55 Siedewasser
0%
Welche der folgenden TMs existiert nicht in Pokémon Schwarz 2 und Weiß 2? TM59 Drachenpuls
0%
Welche der folgenden TMs kann man im Turm des Himmels finden? TM61 Irrlicht
0%
Welche TM erhält man von der Arenaleiterin Kamilla nach dem Sieg über sie? TM72 Voltwechsel
0%
Welche TM erhält man vom Arenaleiter Artie nach dem Sieg über ihn? TM76 Käfertrutz
0%
Welche TM erhält man vom Arenaleiter Turner nach dem Sieg über ihn? TM78 Dampfwalze
0%
Welche TM kann man in der Panaero-Höhle finden? TM80 Steinhagel
0%
Welche TM erhält man vom Arenaleiter Lysander nach dem Sieg über ihn? TM82 Drachenrute
0%
Welche TM kann man in der Kampfmetro nicht gegen GP eintauschen? TM86 Strauchler
0%
Welche TM kann man in der Kampfmetro nicht gegen GP eintauschen? TM95 Standpauke
0%
Wie heißt der männliche Protagonist? Tony
0%
Welches Pokémon wird nicht von Team Plasma Rüpeln in den Kampf geschickt? Toxiquak
0%
An welchem Ort meiden die Trainer den Spieler? Traumbrache
0%
An welchem Ort kann man ein verstecktes Psychojuwel finden (nicht in Staubwolken)? Traumbrache
0%
Welches der folgenden Items kann man nicht in der Stratos-Kanalisation finden? Triperle
0%
Von welchem Arenaleiter erhält man den Seismo-Orden? Turner
0%
Welchen Ort kann man über die Panaero-Höhle erreichen? Turner-Pfad
0%
Wo befindet sich der Eingang der Unterirdischen Ruine? Turner-Pfad
0%
An welchem Ort kann man ein verstecktes Stahljuwel finden (nicht in Staubwolken)? Turner-Pfad
0%
Welcher der sieben Weisen ist neben G-Cis in Pokémon Schwarz 2 und Weiß 2 Mitglied vom Team Plasma? Violaceus
0%
Welches der folgenden Pokémon ist nur versionsexklusiv in Pokémon Schwarz 2 fangbar? Volbeat
0%
Welche beiden Tafeln können als einzige nicht in der Unterwasserruine gefunden werden? Wassertafel & Dracotafel
0%
Welcher Ort verbindet Panaero City mit Nevaio City? Wendelberg
0%
Welches Pokémon schlüpft aus dem Ei, das man in Pokémon Schwarz 2 und Weiß 2 von einer Pokémon-Züchterin in Septerna City erhält? Wonneira
0%
Wie heißt die Brücke, die zwischen Rayono City und dem Weißen Wald bzw. der Schwarzen Stadt liegt? Wunderbrücke
0%
An welchem Ort kann man ein verstecktes Bodenjuwel finden (nicht in Staubwolken)? Wüstenresort
0%
Welches der folgenden Pokémon hat Cynthia beim Kampf in Ondula nicht im Team? Zapplarang
0%
Welches der folgenden Pokémon ist nur versionsexklusiv in Pokémon Schwarz 2 fangbar? Zekrom
0%
Welche VM-Attacke benötigt man, um die Traumbrache betreten zu können? Zerschneider
0%
Keine übereinstimmenden Quizze gefunden
Verteilung der Resultate
Anzahl Personen mit jedem Resultat
Perzentil nach korrekt beantworteten Fragen
Ihre Resultats-Entwicklung
Sie haben dieses Quiz seit der letzten Aktualisierung nicht gespielt